000 00611nam a2200181Ia 4500
008 151202s9999||||xx |||||||||||||| ||und||
082 _bPNVM-83853
100 _aपालखीवाला नानी.
245 _a"वुइ,दि नेशन."
260 _b"मेहतापब्लिशिंग हाऊस, पुणे."
260 _c2011
300 _a297
600 _aपालखीवाला नानी.
630 _a"वुइ,दि नेशन."
700 _aपालखीवाला नानी.
730 _a"वुइ,दि नेशन."
942 _cBOOK
999 _c1348709
_d1348706